000 01232nam a2200241 i 4500
001 163081
003 ES-MaACL
005 20250616073145.0
008 931025s1794 sp a |||| | spa d
080 _a061.235(460.27 M.)(060.13)
110 2 _aReal Sociedad Económica Matritense de Amigos del País.
_bJunta de Damas de Honor y Mérito.
_9175644
_eisb
245 1 0 _aEstatutos de la Junta de Socias de Honor y Mérito de la Real Sociedad Económica de Madrid.
260 _aMadrid :
_ben la Imprenta de Sancha,
_c1794.
300 _a38 p. ;
_c20 cm.
530 _aDisponible en formato digital
594 _aTít. tomado del inicio del texto, fecha del final del texto
610 2 4 _aReal Sociedad Económica Matritense de Amigos del País-
_vHistoria.
_96390
610 2 4 _aReal Sociedad Económica Matritense de Amigos del País.
_bJunta de Damas de Honor y Mérito
_9175644
852 4 _aES-MaACL
_jT-12-F-22
_cDEPOF
_eEjemplar falto de portada
_xHolandesa
_xEnc. en un vol. facticio
856 4 _uhttps://bibliotecavirtualmadrid.comunidad.madrid/bvmadrid_publicacion/es/consulta/registro.do?id=9660
_yVersión en línea
_z(Biblioteca Digital de Madrid)
942 _2udc
_cFOLLETOS
_n0
999 _c163081
_d163081